[Event "Ribeirao Preto op"]
[Site "Ribeirao Preto"]
[Date "2014.04.04"]
[Round "2"]
[White "Ribeiro, Marina Campelo"]
[Black "Costa Berbel, Eduardo"]
[Result "0-1"]
[WhiteElo "1436"]
[BlackElo "1868"]
[PlyCount "64"]
[EventDate "2014.04.04"]
[EventType "swiss"]
[EventRounds "6"]
[EventCountry "BRA"]
[SourceTitle "CBM 159 Extra"]
[Source "ChessBase"]
[SourceDate "2014.04.24"]
[SourceVersion "1"]
[SourceVersionDate "2014.04.24"]
[SourceQuality "1"]

1. d4 e6 2. c4 f5 3. Nc3 Nf6 4. Bg5 Be7 5. Nf3 0-0 6. e3 b6 7. Bd3 Bb7 8. 0-0 Ne4 9. Bxe7 Qxe7 10. Re1 d6 11. Qc2 Nxc3 12. Qxc3 Nd7 13. e4 f4 14. Qc2 e5 15. Re2 g5 16. h3 h5 17. h4 g4 18. Ng5 c5 19. d5 Rf6 20. Qa4 Nf8 21. Rf1 Bc8 22. g3 Bd7 23. Qa6 Be8 24. a3 Nh7 25. gxf4 Rxf4 26. Nxh7 Qxh7 27. Re3 Bg6 28. Rfe1 Raf8 29. R1e2 Qe7 30. b4 Qxh4 31. Rg3 Rxf2 32. Rg2 Rf1# 0-1